Fyzikálne princípy a technika prenosu diskrétnych informácií
Na minha lista:
| Autor principal: | |
|---|---|
| Formato: | Livro |
| Idioma: | eslovaco |
| Publicado em: |
Bratislava
Alfa
1982
|
| Colecção: | Edícia elektrotechnickej literatúry
|
| Tags: |
Sem tags, seja o primeiro a adicionar uma tag!
|
MARC
| LEADER | 00000nam a2200000 4500 | ||
|---|---|---|---|
| 001 | c129652 | ||
| 005 | 20231103121910.0 | ||
| 041 | 0 | |a slo | |
| 044 | |a SK | ||
| 245 | 1 | 0 | |a Fyzikálne princípy a technika prenosu diskrétnych informácií |c L.I. Filippov |
| 264 | 1 | |a Bratislava |b Alfa |c 1982 | |
| 300 | |a 102 s. | ||
| 490 | 1 | |a Edícia elektrotechnickej literatúry | |
| 830 | 0 | |a Edícia elektrotechnickej literatúry | |
| 100 | 1 | |a Filippov, L.I. | |